[Event "LIV Festival A"]
[Site "Imperia "]
[Date "2012.09.02"]
[Round "1"]
[White "Zach, Andreas"]
[Black "Spinelli, Doriano"]
[Result "1-0"]
[WhiteElo "2352"]
[BlackElo "2104"]
[PlyCount "62"]
[EventDate "2012.09.02"]
[EventType "swiss"]
[EventRounds "9"]
[EventCountry "ITA"]
[SourceDate "2005.09.12"]

1. d4 d5 2. Bf4 Nf6 3. e3 e6 4. Nd2 Be7 5. Bd3 O-O 6. h4 c5 7. c3 cxd4 8. exd4
Nc6 9. Ngf3 g6 10. h5 e5 11. Nxe5 Nxe5 12. Bxe5 Ng4 13. hxg6 fxg6 14. Nf3 Bf6
15. Bg3 Re8+ 16. Kf1 Bd7 17. Qb3 Bc6 18. Qc2 Qd7 19. Bf4 Bb5 20. Kg1 Bxd3 21.
Qxd3 Re7 22. Rf1 Rae8 23. Bg5 Bxg5 24. Nxg5 Qd6 25. Rh4 Qf4 26. Nxh7 Kg7 27. g3
Nxf2 28. Rxf2 Re1+ 29. Kg2 Qc1 30. Qf3 Rg1+ 31. Kh2 Rh1+ 1-0

[Event "LIV Festival A"]
[Site "Imperia "]
[Date "2012.09.03"]
[Round "2"]
[White "Ahner, Thomas"]
[Black "Dolezal, Radoslav jr"]
[Result "0-1"]
[WhiteElo "2162"]
[BlackElo "2367"]
[PlyCount "54"]
[EventDate "2012.09.02"]
[EventType "swiss"]
[EventRounds "9"]
[EventCountry "ITA"]
[SourceDate "2005.09.12"]

1. e4 d5 2. exd5 Qxd5 3. Nc3 Qa5 4. d4 c6 5. Bc4 Nf6 6. Bd2 Qc7 7. Qe2 e6 8.
Nf3 Nbd7 9. O-O-O Be7 10. Rhe1 Nb6 11. Bb3 O-O 12. Ne4 a5 13. c3 Nbd5 14. Bc2
b5 15. Nfg5 Rd8 16. Qd3 h6 17. Nxf6+ Nxf6 18. Ne4 Bb7 19. Re3 c5 20. Nxf6+ Bxf6
21. Rg3 cxd4 22. Bxh6 Kf8 23. Bxg7+ Bxg7 24. Rxg7 Qf4+ 25. Kb1 Kxg7 26. g3 Qf5
27. Qe2 d3 0-1

[Event "LIV Festival A"]
[Site "Imperia "]
[Date "2012.09.03"]
[Round "2"]
[White "Anuprita, Patil"]
[Black "Stoppa, Omar"]
[Result "0-1"]
[WhiteElo "2128"]
[BlackElo "2279"]
[PlyCount "134"]
[EventDate "2012.09.02"]
[EventType "swiss"]
[EventRounds "9"]
[EventCountry "ITA"]
[SourceDate "2005.09.12"]

1. d4 Nf6 2. Nf3 c5 3. g3 cxd4 4. Nxd4 g6 5. Bg2 Bg7 6. c4 Nc6 7. O-O O-O 8.
Nc3 Ng4 9. e3 d6 10. b3 Nge5 11. h3 a6 12. f4 Nxd4 13. exd4 Nc6 14. Be3 Qa5 15.
Rc1 Bd7 16. Kh2 Rac8 17. Rf2 b5 18. cxb5 axb5 19. Nd5 Qd8 20. a3 e6 21. Nc3 Ne7
22. Rfc2 Nf5 23. Bg1 d5 24. Qd3 Qb6 25. Ne2 Rxc2 26. Rxc2 Qa7 27. b4 Nd6 28.
Nc1 Nc4 29. Ra2 g5 30. fxg5 f5 31. gxf6 Rxf6 32. Rf2 Rxf2 33. Bxf2 Qxa3 34.
Qxa3 Nxa3 35. Nd3 Nc2 36. Nc5 Bc8 37. Bf1 Bxd4 38. Kg2 Bxf2 39. Kxf2 Nxb4 40.
Bxb5 Kg7 41. Ke3 e5 42. Bd7 Bxd7 43. Nxd7 Nc6 44. Nb6 Ne7 45. Nd7 e4 46. Kf4
Nc6 47. Nb6 Nb4 48. g4 Kf6 49. g5+ Ke6 50. h4 Nd3+ 51. Ke3 Ke5 52. Nd7+ Kf5 53.
Nf6 Nf4 54. Nxh7 Ng2+ 55. Kd4 Nxh4 56. Nf6 Nf3+ 57. Kxd5 e3 58. Ne4 Nxg5 59.
Kd4 Kf4 60. Nc3 Kf3 61. Kd3 Nh3 62. Kc2 Nf2 63. Nb5 Ne4 64. Nd4+ Kf2 65. Kd3
Nd6 66. Nc2 e2 67. Kd2 Nc4+ 0-1

[Event "LIV Festival A"]
[Site "Imperia "]
[Date "2012.09.03"]
[Round "2"]
[White "Barletta, Mauro"]
[Black "Ottaviani, Gianluca"]
[Result "1/2-1/2"]
[WhiteElo "2239"]
[BlackElo "1956"]
[PlyCount "83"]
[EventDate "2012.09.02"]
[EventType "swiss"]
[EventRounds "9"]
[EventCountry "ITA"]
[SourceDate "2005.09.12"]

1. Nf3 d6 2. c4 g6 3. g3 Bg7 4. Bg2 e5 5. Nc3 f5 6. d3 Nf6 7. Nd5 O-O 8. Bg5 c6
9. Nxf6+ Bxf6 10. Bh6 Bg7 11. Bxg7 Kxg7 12. O-O Qe7 13. b4 Nd7 14. Qd2 Rb8 15.
Rab1 b5 16. cxb5 cxb5 17. Rbc1 Nb6 18. Qc3 Nd5 19. Qb3 Nb6 20. Rc2 Be6 21. Qa3
Rfc8 22. Rfc1 Rxc2 23. Rxc2 Bd5 24. Qc1 Rb7 25. Nd2 Bxg2 26. Kxg2 Nd5 27. a3
Rc7 28. e4 Rxc2 29. Qxc2 Qc7 30. Qxc7+ Nxc7 31. Nb3 Kf6 32. Na5 Ke6 33. Kf3 a6
34. Ke3 d5 35. f3 d4+ 36. Ke2 fxe4 37. fxe4 Kf6 38. Nb7 h5 39. Nc5 Ke7 40. h4
Kd6 41. Kd2 Kc6 42. Kc2 1/2-1/2

[Event "LIV Festival A"]
[Site "Imperia "]
[Date "2012.09.03"]
[Round "2"]
[White "Cugini, Verter"]
[Black "Sanchez, Joseph"]
[Result "0-1"]
[WhiteElo "2072"]
[BlackElo "2534"]
[PlyCount "38"]
[EventDate "2012.09.02"]
[EventType "swiss"]
[EventRounds "9"]
[EventCountry "ITA"]
[SourceDate "2005.09.12"]

1. e4 d5 2. exd5 Qxd5 3. Nc3 Qd6 4. d4 Nf6 5. Nge2 Bf5 6. Bf4 Qb6 7. Rb1 e6 8.
Ng3 Bg6 9. Bd3 Nc6 10. Be3 Bxd3 11. Qxd3 O-O-O 12. Nge2 Nb4 13. Qd2 e5 14. dxe5
Bc5 15. Bxc5 Qxc5 16. Qc1 Qxe5 17. a3 Nbd5 18. O-O Ng4 19. f4 Nxc3 0-1

[Event "LIV Festival A"]
[Site "Imperia "]
[Date "2012.09.03"]
[Round "2"]
[White "Di Paolo, Raffaele"]
[Black "Mariano, Elia"]
[Result "1/2-1/2"]
[WhiteElo "2243"]
[BlackElo "2159"]
[PlyCount "84"]
[EventDate "2012.09.02"]
[EventType "swiss"]
[EventRounds "9"]
[EventCountry "ITA"]
[SourceDate "2005.09.12"]

1. e4 c6 2. d4 d5 3. Nc3 dxe4 4. Nxe4 Bf5 5. Ng3 Bg6 6. h4 h6 7. Nf3 Nd7 8. h5
Bh7 9. Bd3 Bxd3 10. Qxd3 e6 11. Bd2 Ngf6 12. O-O-O Be7 13. Kb1 O-O 14. Ne4 Nxe4
15. Qxe4 Nf6 16. Qe2 Qd5 17. c4 Qe4+ 18. Qxe4 Nxe4 19. Be3 Rfd8 20. g4 c5 21.
Rhe1 Rac8 22. dxc5 Bxc5 23. Bxc5 Rxd1+ 24. Rxd1 Rxc5 25. Rd8+ Kh7 26. Rd7 Nxf2
27. Rxf7 Nxg4 28. Rxb7 e5 29. Nd2 Nf6 30. b4 Rc8 31. Re7 Nxh5 32. c5 a5 33. a3
axb4 34. axb4 Nf4 35. Rxe5 Nd3 36. Re4 Nxb4 37. Rxb4 Rxc5 38. Ne4 Rc6 39. Rb5
Kg6 40. Ng3 Kf6 41. Nh5+ Kg6 42. Nf4+ Kh7 1/2-1/2

[Event "LIV Festival A"]
[Site "Imperia "]
[Date "2012.09.03"]
[Round "2"]
[White "Dragojlovic, Andjelko"]
[Black "Luciani, Valerio"]
[Result "1-0"]
[WhiteElo "2359"]
[BlackElo "2197"]
[PlyCount "59"]
[EventDate "2012.09.02"]
[EventType "swiss"]
[EventRounds "9"]
[EventCountry "ITA"]
[SourceDate "2005.09.12"]

1. e4 e6 2. b3 b6 3. Bb2 Bb7 4. Nc3 Nf6 5. Qe2 e5 6. O-O-O Nc6 7. Nf3 Bb4 8.
Nd5 O-O 9. Nxb4 Nxb4 10. a3 Nc6 11. g4 d6 12. Rg1 Qe7 13. g5 Nh5 14. Nh4 Nf4
15. Qe3 g6 16. d4 Nh5 17. dxe5 dxe5 18. Nf3 Rad8 19. Bb5 Nd4 20. Nxd4 exd4 21.
Rxd4 h6 22. gxh6 Kh7 23. Rgd1 Rxd4 24. Rxd4 Qh4 25. f3 Qxh2 26. Kb1 Bc8 27. Bd7
Bb7 28. Rd2 Qh4 29. Bg4 g5 30. Qc3 1-0

[Event "LIV Festival A"]
[Site "Imperia "]
[Date "2012.09.03"]
[Round "2"]
[White "Faraci, Antonino"]
[Black "Melone, Antonio"]
[Result "1-0"]
[WhiteElo "1997"]
[BlackElo "2149"]
[PlyCount "91"]
[EventDate "2012.09.02"]
[EventType "swiss"]
[EventRounds "9"]
[EventCountry "ITA"]
[SourceDate "2005.09.12"]

1. Nf3 Nf6 2. g3 g6 3. Bg2 Bg7 4. O-O O-O 5. d3 d6 6. e4 c5 7. h3 Nc6 8. c3 Rb8
9. Re1 b5 10. d4 Nd7 11. d5 Na5 12. Nbd2 Ba6 13. Bf1 Qc8 14. Rb1 Nb6 15. Qc2 e6
16. dxe6 fxe6 17. h4 Nbc4 18. Nxc4 Nxc4 19. Ng5 h6 20. Nh3 Ne5 21. Bg2 b4 22.
Rd1 bxc3 23. Nf4 cxb2 24. Bxb2 Nc4 25. Bxg7 Rxb1 26. Qxb1 Kxg7 27. e5 Rxf4 28.
gxf4 d5 29. Qb3 Qf8 30. Qg3 Qf5 31. Rc1 d4 32. Bh3 Qe4 33. Bg2 Qe2 34. Bf1 Qd2
35. Rxc4 Bxc4 36. Bxc4 Qc1+ 37. Bf1 c4 38. h5 g5 39. fxg5 hxg5 40. Qf3 Qb1 41.
Qf6+ Kh7 42. h6 Qg6 43. Qxg6+ Kxg6 44. Bxc4 Kxh6 45. Bxe6 d3 46. Kf1 1-0

[Event "LIV Festival A"]
[Site "Imperia "]
[Date "2012.09.03"]
[Round "2"]
[White "Formento, Paolo"]
[Black "De Luca, Fabio"]
[Result "1/2-1/2"]
[WhiteElo "2147"]
[BlackElo "1989"]
[PlyCount "94"]
[EventDate "2012.09.02"]
[EventType "swiss"]
[EventRounds "9"]
[EventCountry "ITA"]
[SourceDate "2005.09.12"]

1. e4 c5 2. Nf3 Nf6 3. Nc3 Nc6 4. d4 d5 5. exd5 Nxd5 6. Nxd5 Qxd5 7. c4 Qe4+ 8.
Be2 Nxd4 9. Nxd4 Qxd4 10. Qc2 Qd6 11. Be3 Bd7 12. O-O e6 13. Rad1 Qc7 14. Qd2
Be7 15. Bf4 Qc8 16. Bd6 Bxd6 17. Qxd6 Qc6 18. Bf3 Qxd6 19. Rxd6 O-O-O 20. Rfd1
b6 21. Be4 Ba4 22. Rxd8+ Rxd8 23. Rxd8+ Kxd8 24. Bxh7 g6 25. h4 Bc2 26. h5 Ke7
27. f4 Kf8 28. h6 Bd3 29. Kf2 Bxc4 30. a3 Bd3 31. Ke3 Bc2 32. Kd2 Bf5 33. Ke3
b5 34. Kf3 b4 35. axb4 cxb4 36. Ke3 a5 37. Kd4 a4 38. Kc4 a3 39. bxa3 bxa3 40.
Kb3 Be4 41. g3 Bf5 42. Kxa3 Be4 43. Kb4 f6 44. Kc5 Kf7 45. Kd4 Bf5 46. Kc5 Be4
47. Kd4 Bf5 1/2-1/2

[Event "LIV Festival A"]
[Site "Imperia "]
[Date "2012.09.03"]
[Round "2"]
[White "Gervasio, Francesco"]
[Black "De Barberis, Massimo"]
[Result "0-1"]
[WhiteElo "1924"]
[BlackElo "2088"]
[PlyCount "69"]
[EventDate "2012.09.02"]
[EventType "swiss"]
[EventRounds "9"]
[EventCountry "ITA"]
[SourceDate "2005.09.12"]

1. e4 c5 2. Nf3 d6 3. d4 cxd4 4. Nxd4 Nf6 5. Nc3 a6 6. Bg5 e6 7. Qd2 Nbd7 8.
O-O-O Qc7 9. f3 Be7 10. Kb1 b5 11. Bd3 Bb7 12. Rhe1 Rd8 13. g4 h6 14. Be3 Ne5
15. h4 Nc4 16. Bxc4 Qxc4 17. Nb3 Qc7 18. g5 Nd7 19. Bd4 Ne5 20. f4 Nc4 21. Qd3
hxg5 22. hxg5 e5 23. Bf2 exf4 24. Nd5 Bxd5 25. exd5 Kf8 26. Rh1 Rxh1 27. Rxh1
Bxg5 28. Qf5 Bh6 29. Nd4 Kg8 30. Nc6 Re8 31. Qg4 Ne3 32. Qg1 Kh7 33. Qg5 Re4
34. Bxe3 Rxe3 35. Qxf4 0-1

[Event "LIV Festival A"]
[Site "Imperia "]
[Date "2012.09.03"]
[Round "2"]
[White "Jirovsky, Milos"]
[Black "Del Dotto, Riccardo"]
[Result "1/2-1/2"]
[WhiteElo "2451"]
[BlackElo "2203"]
[PlyCount "82"]
[EventDate "2012.09.02"]
[EventType "swiss"]
[EventRounds "9"]
[EventCountry "ITA"]
[SourceDate "2005.09.12"]

1. Nf3 d5 2. c4 c6 3. Qb3 Nf6 4. d4 dxc4 5. Qxc4 Bf5 6. g3 e6 7. Bg2 Nbd7 8.
O-O Be7 9. Nc3 O-O 10. Re1 Ne4 11. Qb3 Qb6 12. Nh4 Qxb3 13. axb3 Bb4 14. Nxf5
exf5 15. Bxe4 fxe4 16. Bd2 Rfe8 17. Nxe4 Rxe4 18. Bxb4 Rxd4 19. Bc3 Rd6 20. f3
f6 21. Red1 Rxd1+ 22. Rxd1 Nb6 23. Ba5 Re8 24. Bxb6 axb6 25. Kf2 Re5 26. Rd3
Kf7 27. e4 Ke7 28. h4 h5 29. Ke3 Ra5 30. Kf4 Rc5 31. Rc3 Ra5 32. b4 Ra2 33. Rb3
Ke6 34. Ke3 Ra1 35. Rd3 Ra4 36. Rb3 Ra1 37. f4 Rg1 38. Kf2 Rd1 39. Ke2 Rg1 40.
Kf2 Rd1 41. Ke2 Rg1 1/2-1/2

[Event "LIV Festival A"]
[Site "Imperia "]
[Date "2012.09.03"]
[Round "2"]
[White "Kljako, Damir"]
[Black "Sulava, Nenad"]
[Result "0-1"]
[WhiteElo "2208"]
[BlackElo "2496"]
[PlyCount "98"]
[EventDate "2012.09.02"]
[EventType "swiss"]
[EventRounds "9"]
[EventCountry "ITA"]
[SourceDate "2005.09.12"]

1. d4 Nf6 2. c4 e6 3. Nc3 Bb4 4. Bd2 O-O 5. a3 Bxc3 6. Bxc3 b6 7. Nf3 d6 8. e3
Ne4 9. Rc1 Bb7 10. Be2 Nd7 11. O-O f5 12. d5 e5 13. Nd2 Nxd2 14. Qxd2 Qe7 15.
f3 Rf6 16. Bd3 Raf8 17. Qc2 c6 18. dxc6 Bxc6 19. b4 Qf7 20. Qe2 Rh6 21. e4 f4
22. Be1 Qh5 23. g4 fxg3 24. Bxg3 Rhf6 25. Rf2 R8f7 26. c5 dxc5 27. Bc4 Nf8 28.
Bxf7+ Rxf7 29. bxc5 b5 30. Qe3 Ne6 31. Rd1 h6 32. Rd6 Nd4 33. Kg2 Bd7 34. Rxd7
Rxd7 35. f4 exf4 36. Qxf4 Qxc5 37. Qg4 Re7 38. Bh4 g5 39. Bg3 Qc6 40. Qh5 Qxe4+
41. Kg1 Ne2+ 42. Rxe2 Qxe2 43. Qg6+ Rg7 44. Qxh6 Qd1+ 45. Kg2 Qc2+ 46. Kg1 Qb1+
47. Kg2 Qg6 48. Qh3 g4 49. Qh4 Qg5 0-1

[Event "LIV Festival A"]
[Site "Imperia "]
[Date "2012.09.03"]
[Round "2"]
[White "Krouzel, Jaroslav"]
[Black "Zach, Andreas"]
[Result "1/2-1/2"]
[WhiteElo "2172"]
[BlackElo "2352"]
[PlyCount "47"]
[EventDate "2012.09.02"]
[EventType "swiss"]
[EventRounds "9"]
[EventCountry "ITA"]
[SourceDate "2005.09.12"]

1. d4 d5 2. Nf3 c6 3. Bf4 Qb6 4. b3 Nf6 5. e3 a5 6. Bd3 g6 7. O-O Bg7 8. Nc3
Bg4 9. h3 Bxf3 10. Qxf3 Nbd7 11. Na4 Qd8 12. c4 O-O 13. Rad1 Re8 14. Nc3 dxc4
15. Bxc4 b5 16. Be2 b4 17. Na4 Nd5 18. Rc1 Nxf4 19. Qxf4 e5 20. dxe5 Nxe5 21.
Rfd1 Qe7 22. Qg3 Rad8 23. Nb2 Rxd1+ 24. Rxd1 1/2-1/2

[Event "LIV Festival A"]
[Site "Imperia "]
[Date "2012.09.03"]
[Round "2"]
[White "Panchanathan, Magesh Chandran"]
[Black "Angelini, Marco"]
[Result "1-0"]
[WhiteElo "2568"]
[BlackElo "2223"]
[PlyCount "73"]
[EventDate "2012.09.02"]
[EventType "swiss"]
[EventRounds "9"]
[EventCountry "ITA"]
[SourceDate "2005.09.12"]

1. e4 c5 2. Nf3 d6 3. d4 cxd4 4. Nxd4 Nf6 5. Nc3 a6 6. Be2 e6 7. O-O Nbd7 8. a4
b6 9. f4 Bb7 10. Bf3 Qc7 11. Kh1 Be7 12. Qe1 O-O 13. Be3 Rfe8 14. Bg1 Bf8 15.
Qh4 Rac8 16. Rae1 Qb8 17. e5 Bxf3 18. Nxf3 Nd5 19. Nxd5 exd5 20. Ng5 h6 21. e6
fxe6 22. Nxe6 Rxc2 23. Bd4 Re7 24. Qh5 Qe8 25. Qxd5 Qf7 26. Bc3 Nc5 27. f5 Nxa4
28. Qd3 Rxc3 29. bxc3 Ra7 30. Nxf8 Kxf8 31. Qxd6+ Kg8 32. f6 Rd7 33. Qc6 b5 34.
fxg7 Qxg7 35. Re8+ Kh7 36. Qe4+ Qg6 37. Rh8+ 1-0

[Event "LIV Festival A"]
[Site "Imperia "]
[Date "2012.09.03"]
[Round "2"]
[White "Platino, Maurizio"]
[Black "Arigoni, Bruno"]
[Result "0-1"]
[WhiteElo "1904"]
[BlackElo "2071"]
[PlyCount "70"]
[EventDate "2012.09.02"]
[EventType "swiss"]
[EventRounds "9"]
[EventCountry "ITA"]
[SourceDate "2005.09.12"]

1. d4 d5 2. c4 e6 3. Nc3 c5 4. cxd5 exd5 5. Nf3 Nc6 6. g3 Nf6 7. Bg2 Be7 8. O-O
O-O 9. Bg5 Be6 10. dxc5 d4 11. Na4 h6 12. Bf4 Bd5 13. Bd6 Bxd6 14. cxd6 Qxd6
15. b3 b5 16. Nb2 Be4 17. Qd2 Qd5 18. Rfd1 Rfd8 19. Rac1 a5 20. Nd3 Nb4 21. Rc5
Qb7 22. Nxb4 axb4 23. Qf4 Rxa2 24. Qc7 Qa8 25. Ne5 Ra7 26. Qb6 Bxg2 27. f3 Nd5
28. Qc6 Bh3 29. g4 Nc3 30. Rd2 Ra1+ 31. Kf2 Rf1+ 32. Kg3 Qa1 33. Kxh3 Rf2 34.
Kg3 Qg1+ 35. Kf4 Qxh2+ 0-1

[Event "LIV Festival A"]
[Site "Imperia "]
[Date "2012.09.03"]
[Round "2"]
[White "Spinelli, Doriano"]
[Black "Blasco, Domenico"]
[Result "1-0"]
[WhiteElo "2104"]
[BlackElo "1933"]
[PlyCount "77"]
[EventDate "2012.09.02"]
[EventType "swiss"]
[EventRounds "9"]
[EventCountry "ITA"]
[SourceDate "2005.09.12"]

1. e4 g6 2. Bc4 e6 3. Bb3 Bg7 4. Nf3 Ne7 5. d3 c5 6. c3 Nbc6 7. O-O O-O 8. Bg5
h6 9. Be3 b6 10. Qd2 Kh7 11. d4 cxd4 12. cxd4 Na5 13. d5 Nxb3 14. axb3 exd5 15.
e5 Bb7 16. Nc3 a6 17. Na4 b5 18. Nc5 Bc8 19. Rfc1 d6 20. exd6 Qxd6 21. Bf4 Qb6
22. Ne5 Ra7 23. b4 Be6 24. Ra3 Rfa8 25. Re1 Nf5 26. Nxe6 fxe6 27. g4 Nd6 28.
Bxh6 Ne4 29. Rxe4 dxe4 30. Rh3 Kg8 31. Bxg7 Kxg7 32. Qh6+ Kf6 33. Qf4+ Ke7 34.
Rh7+ Ke8 35. Rh8+ Ke7 36. Nxg6+ Kd7 37. Rh7+ Kc6 38. Qxe4+ Kd6 39. Qe5+ 1-0

[Event "LIV Festival A"]
[Site "Imperia "]
[Date "2012.09.03"]
[Round "2"]
[White "Tomassoni, Leonardo"]
[Black "Ljubisavljevic, Zivojin Z"]
[Result "0-1"]
[WhiteElo "1891"]
[BlackElo "2240"]
[PlyCount "36"]
[EventDate "2012.09.02"]
[EventType "swiss"]
[EventRounds "9"]
[EventCountry "ITA"]
[SourceDate "2005.09.12"]

1. e4 g6 2. d4 Bg7 3. Nf3 d6 4. Bd3 c5 5. O-O cxd4 6. Nxd4 Nc6 7. Nxc6 bxc6 8.
c3 Nf6 9. Kh1 O-O 10. Nd2 a5 11. Qe2 Nd7 12. Re1 Ne5 13. Bc2 Qb6 14. Nb3 a4 15.
Nd4 c5 16. Qb5 Qc7 17. Nf3 Ba6 18. Qxa4 Bd3 0-1

[Event "LIV Festival A"]
[Site "Imperia "]
[Date "2012.09.03"]
[Round "2"]
[White "Vokoun, Jan"]
[Black "Dubois, Martine"]
[Result "1-0"]
[WhiteElo "2201"]
[BlackElo "2008"]
[PlyCount "69"]
[EventDate "2012.09.02"]
[EventType "swiss"]
[EventRounds "9"]
[EventCountry "ITA"]
[SourceDate "2005.09.12"]

1. d4 Nf6 2. Nf3 g6 3. Bg5 Bg7 4. Nbd2 h6 5. Bh4 g5 6. Bg3 c5 7. e3 Nc6 8. c3
b6 9. Bc4 d5 10. Bb5 Bd7 11. h4 g4 12. Nh2 Qc8 13. f3 Nh5 14. Ndf1 Nxg3 15.
Nxg3 Qc7 16. Nh5 Rg8 17. dxc5 Qe5 18. Nxg7+ Rxg7 19. Nxg4 Bxg4 20. Bxc6+ Bd7
21. Bxd7+ Kxd7 22. Qe2 bxc5 23. O-O-O Rb8 24. g4 e6 25. Rd2 Rb6 26. Rhd1 Kc6
27. Qd3 f6 28. Kb1 Rgb7 29. f4 Qb8 30. e4 Rxb2+ 31. Rxb2 Rxb2+ 32. Ka1 Kc7 33.
exd5 exd5 34. Qxd5 Rb5 35. c4 1-0

[Event "LIV Festival A"]
[Site "Imperia "]
[Date "2012.09.04"]
[Round "3"]
[White "Angelini, Marco"]
[Black "De Barberis, Massimo"]
[Result "1/2-1/2"]
[WhiteElo "2223"]
[BlackElo "2088"]
[PlyCount "89"]
[EventDate "2012.09.02"]
[EventType "swiss"]
[EventRounds "9"]
[EventCountry "ITA"]
[SourceDate "2005.09.12"]

1. e4 c5 2. Nf3 d6 3. d4 cxd4 4. Nxd4 Nf6 5. Nc3 Nc6 6. Nde2 e6 7. g3 Be7 8.
Bg2 a6 9. a4 O-O 10. O-O Qc7 11. h3 b6 12. g4 Bb7 13. g5 Nd7 14. f4 Nb4 15. Be3
Rad8 16. f5 d5 17. g6 fxg6 18. Nf4 Bc5 19. Bxc5 Nxc5 20. exd5 Rxf5 21. Qd2 e5
22. Nfe2 e4 23. Nxe4 Nxd5 24. Nxc5 Qxc5+ 25. Kh1 Rd7 26. Ng3 Nf6 27. Qe2 Re5
28. Qf2 Bxg2+ 29. Qxg2 h6 30. Rf2 Kh7 31. Raf1 Nd5 32. Rg1 Ne3 33. Qf3 Nxc2 34.
Rc1 Ne1 35. Rxc5 Nxf3 36. Rc6 Re1+ 37. Kg2 Nh4+ 38. Kh2 Rd3 39. Nf1 Rb3 40. Rc7
Rd1 41. Rc3 Rb4 42. Ne3 Rb1 43. Rcc2 Rxa4 44. Nd5 Nf5 45. Nc3 1/2-1/2

[Event "LIV Festival A"]
[Site "Imperia "]
[Date "2012.09.04"]
[Round "3"]
[White "Arigoni, Bruno"]
[Black "Kljako, Damir"]
[Result "0-1"]
[WhiteElo "2071"]
[BlackElo "2208"]
[PlyCount "122"]
[EventDate "2012.09.02"]
[EventType "swiss"]
[EventRounds "9"]
[EventCountry "ITA"]
[SourceDate "2005.09.12"]

1. Nf3 g6 2. d4 Bg7 3. e3 c5 4. c4 Nf6 5. Nc3 O-O 6. Be2 cxd4 7. exd4 d5 8. O-O
dxc4 9. Bxc4 Bg4 10. Be2 Nc6 11. Be3 Nd5 12. h3 Be6 13. Qd2 Rc8 14. Bh6 Nxc3
15. bxc3 Na5 16. Bxg7 Kxg7 17. Rfc1 Qd6 18. Ne5 Rfd8 19. Qe3 Rc7 20. f4 f6 21.
Ng4 Bxg4 22. hxg4 Nc4 23. Bxc4 Rxc4 24. Re1 Rd7 25. g5 Rdc7 26. Rac1 b5 27.
gxf6+ exf6 28. Qe8 b4 29. Re6 Qd7 30. d5 Qxe8 31. Rxe8 bxc3 32. d6 Rd7 33. Re6
Kf7 34. f5 gxf5 35. Re3 Rxd6 36. Rexc3 Rxc3 37. Rxc3 Ra6 38. a3 h5 39. Kh2 f4
40. Kg1 Kg6 41. Kf2 Ra5 42. Kf3 Kg5 43. Rd3 Re5 44. Kf2 Rc5 45. Rd7 Ra5 46. Rd3
Kg4 47. Rc3 Ra4 48. Rd3 a5 49. Rc3 h4 50. Rd3 Rc4 51. Kg1 Rc1+ 52. Kf2 Ra1 53.
Rc3 Ra2+ 54. Kf1 a4 55. Rd3 f5 56. Rc3 Rb2 57. Rc4 h3 58. gxh3+ Kg3 59. h4 Rb1+
60. Ke2 f3+ 61. Ke3 f2 0-1

[Event "LIV Festival A"]
[Site "Imperia "]
[Date "2012.09.04"]
[Round "3"]
[White "Cavatorta, Fosco"]
[Black "Lezzerini, Marco"]
[Result "1-0"]
[WhiteElo "1915"]
[BlackElo "1948"]
[PlyCount "45"]
[EventDate "2012.09.02"]
[EventType "swiss"]
[EventRounds "9"]
[EventCountry "ITA"]
[SourceDate "2005.09.12"]

1. d4 d6 2. e4 Nf6 3. Nc3 g6 4. Nf3 Bg7 5. Be3 O-O 6. Qd2 Re8 7. h3 b6 8. Bh6
Bh8 9. O-O-O Bb7 10. Qe3 Qc8 11. g4 c5 12. d5 a6 13. e5 dxe5 14. Nxe5 e6 15.
Bg2 exd5 16. Qf4 Qe6 17. Rhe1 Ne4 18. Nf3 Nd7 19. Ng5 Qf6 20. Ngxe4 dxe4 21.
Rxd7 Bc6 22. Qxf6 Bxf6 23. Rd6 1-0

[Event "LIV Festival A"]
[Site "Imperia "]
[Date "2012.09.04"]
[Round "3"]
[White "De Luca, Fabio"]
[Black "Cugini, Verter"]
[Result "1/2-1/2"]
[WhiteElo "1989"]
[BlackElo "2072"]
[PlyCount "66"]
[EventDate "2012.09.02"]
[EventType "swiss"]
[EventRounds "9"]
[EventCountry "ITA"]
[SourceDate "2005.09.12"]

1. e4 e6 2. d4 d5 3. Nd2 Nf6 4. e5 Ne4 5. Nxe4 dxe4 6. Bc4 a6 7. a4 b6 8. Nh3
Bb7 9. Nf4 Nc6 10. Be3 Ne7 11. O-O Nf5 12. d5 exd5 13. Nxd5 Ne7 14. Nf4 Qxd1
15. Raxd1 Ng6 16. Nxg6 hxg6 17. Bd5 Bxd5 18. Rxd5 Rh5 19. Rfd1 c6 20. Rd7 Rxe5
21. Bxb6 Bc5 22. Bxc5 Rxc5 23. R7d2 Ra7 24. g3 f5 25. h4 Re7 26. Kf1 Kf7 27.
Ke2 Kf6 28. Rd6+ Re6 29. Rxe6+ Kxe6 30. Rd2 Rc4 31. b3 Rc3 32. Kd1 a5 33. Rd8
Rf3 1/2-1/2

[Event "LIV Festival A"]
[Site "Imperia "]
[Date "2012.09.04"]
[Round "3"]
[White "Del Dotto, Riccardo"]
[Black "Svoboda, Svatopluk"]
[Result "1-0"]
[WhiteElo "2203"]
[BlackElo "2344"]
[PlyCount "67"]
[EventDate "2012.09.02"]
[EventType "swiss"]
[EventRounds "9"]
[EventCountry "ITA"]
[SourceDate "2005.09.12"]

1. d4 Nf6 2. Bf4 g6 3. Nc3 d5 4. Nf3 Bg7 5. e3 O-O 6. Be2 c6 7. Ne5 Ne4 8. Nxe4
dxe4 9. c3 b5 10. h4 f6 11. Ng4 h5 12. Nh2 f5 13. a4 bxa4 14. Bc4+ Kh7 15. Qxa4
e5 16. dxe5 Qxh4 17. e6 a5 18. O-O-O Qf6 19. g4 Bxe6 20. gxh5 g5 21. Bxg5 Qxg5
22. Bxe6 Qe7 23. Qa2 a4 24. h6 Be5 25. f4 a3 26. fxe5 axb2+ 27. Qxb2 Qxe6 28.
Qb7+ Rf7 29. Qxa8 Qxe5 30. Qa3 Nd7 31. Kc2 Nb6 32. Nf1 Nd5 33. Rg1 Kxh6 34. Rd2
1-0

[Event "LIV Festival A"]
[Site "Imperia "]
[Date "2012.09.04"]
[Round "3"]
[White "Finocchiaro, Gianluca"]
[Black "Tomassoni, Leonardo"]
[Result "1-0"]
[WhiteElo "2111"]
[BlackElo "1891"]
[PlyCount "51"]
[EventDate "2012.09.02"]
[EventType "swiss"]
[EventRounds "9"]
[EventCountry "ITA"]
[SourceDate "2005.09.12"]

1. e4 c5 2. d4 cxd4 3. c3 e6 4. cxd4 g6 5. Nc3 Bg7 6. Nf3 a6 7. Bg5 f6 8. Be3
Ne7 9. Bd3 Nbc6 10. d5 Ne5 11. Be2 O-O 12. O-O Nxf3+ 13. Bxf3 e5 14. d6 Nc6 15.
Nd5 f5 16. Rc1 b5 17. Ne7+ Kh8 18. exf5 gxf5 19. Nxc6 dxc6 20. Bxc6 Be6 21.
Bxa8 Qxa8 22. Rc7 f4 23. Bc5 Bf6 24. Qh5 Bg7 25. Rxg7 Kxg7 26. Qg5+ 1-0

[Event "LIV Festival A"]
[Site "Imperia "]
[Date "2012.09.04"]
[Round "3"]
[White "Gioseffi, Massimiliano"]
[Black "Faraci, Antonino"]
[Result "1/2-1/2"]
[WhiteElo "2128"]
[BlackElo "1997"]
[PlyCount "179"]
[EventDate "2012.09.02"]
[EventType "swiss"]
[EventRounds "9"]
[EventCountry "ITA"]
[SourceDate "2005.09.12"]

1. d4 Nf6 2. c4 c5 3. d5 e6 4. Nc3 exd5 5. cxd5 d6 6. e4 g6 7. Nf3 Bg7 8. h3
O-O 9. Bd3 Re8 10. O-O Na6 11. Re1 Nc7 12. a4 b6 13. Bf4 a6 14. Nd2 Nh5 15. Be3
Rb8 16. Be2 Nf6 17. Bf3 b5 18. axb5 axb5 19. Qc2 Nd7 20. g3 b4 21. Ne2 Ne5 22.
Bg2 Ba6 23. Nc1 c4 24. f4 b3 25. Qd1 Nd7 26. Rb1 c3 27. Ndxb3 cxb2 28. Nd3 Nb5
29. Rxb2 Bxb2 30. Nxb2 Nf6 31. Bf2 Nc3 32. Qc2 Ncxe4 33. Bxe4 Nxe4 34. Rxe4
Rxe4 35. Qxe4 Rxb3 36. Nd1 Bd3 37. Qd4 Qe7 38. Ne3 Rb1+ 39. Kh2 Qe4 40. Qxe4
Bxe4 41. g4 Rb5 42. g5 Bxd5 43. Ng4 Be6 44. Nf6+ Kf8 45. Nxh7+ Ke7 46. h4 Bf5
47. Nf6 Ke6 48. Ne8 Kd7 49. Nf6+ Kc6 50. Kg2 d5 51. Kf3 Rb3+ 52. Ke2 Be6 53.
Bd4 Kb5 54. Be5 Kc5 55. Kd2 Rh3 56. Ne8 Rxh4 57. Nd6 Rh3 58. Kc2 d4 59. Ne4+
Kd5 60. Nd6 Re3 61. Nb5 Bf5+ 62. Kd2 Rxe5 63. fxe5 Kxe5 64. Ke2 Bd7 65. Na3 Ke4
66. Kd2 Bf5 67. Nb5 Kf4 68. Nxd4 Kxg5 69. Ke3 Kg4 70. Nc6 Kg3 71. Ne5 Be6 72.
Nd3 g5 73. Nf2 Bd5 74. Nd3 f5 75. Kd4 Bg2 76. Ke5 Be4 77. Nc5 Bc2 78. Ne6 Kg4
79. Kf6 f4 80. Nxg5 Bd3 81. Nf7 Kg3 82. Ne5 Be4 83. Kg5 Bc2 84. Kh5 Bf5 85. Kg5
Bc2 86. Kh5 Kf2 87. Kg5 Ke3 88. Ng4+ Ke4 89. Nf2+ Kf3 90. Nh3 1/2-1/2